Resumen descriptivo de los sub-programas financiados con recursos del Fondo de Desarrollo Social y Asignaciones Familiares
محفوظ في:
| مؤلف مشترك: | |
|---|---|
| التنسيق: | نص |
| منشور في: |
San José:
Asignaciones Familiares
|
| الوسوم: |
إضافة وسم
لا توجد وسوم, كن أول من يضع وسما على هذه التسجيلة!
|
MARC
| LEADER | 00000 a a2200000 04500 | ||
|---|---|---|---|
| 001 | 21213 | ||
| 003 | |||
| 040 | |||
| 090 | |a 092500 | ||
| 110 | |a Oficina de Control de Asignaciones Familiares. División Información y Análisis de Programas | ||
| 245 | |a Resumen descriptivo de los sub-programas financiados con recursos del Fondo de Desarrollo Social y Asignaciones Familiares | ||
| 260 | |a San José: |b Asignaciones Familiares | ||
| 300 | |a 20 p. | ||
| 999 | |c 10519 |d 10519 | ||
